000 00571nam a2200229Ia 4500
003 OSt
005 20220923211626.0
006 a|||||r|||| 00| 0
007 ta
008 220922b |||||||| |||| 00| 0 san d
024 _a26,057
037 _cTextual
040 _aARTS
_cARTS
_bsan
041 _2san
_asan
082 _aQ2:4x1,1, 15K7
245 0 _aशुद्ध मनुस्मृति
246 _aShuddha hinusmṛuti
260 _c1967
650 _aधर्म
942 _hQ2:4x1,1, 15K7
_cTEXL
_2CC
999 _c301638
_d301638